| 000 | 006550000a22001810004500 | ||
|---|---|---|---|
| 020 | _a0-89107-629-8 | ||
| 041 | 0 | _aENG | |
| 082 | 0 | 4 | _aG 230.011 W7991s |
| 245 | 1 | 0 | _aSpiritual witness : Classic christian writings of the 20th century / Sherwood Eliot Wirt, Editor |
| 260 | _aWheaton, Illinois : Crossway | ||
| 300 | _a279 Pág. | ||
| 505 | 0 | 0 | _aEl trafico de el templo - El alma de la oración - Las paradojas del cristianismo - Por qué yo soy un cristiano - Con y sin Cristo - Gracia y discipulado. |
| 001 | 13858 | ||
| 942 | _cBK | ||
| 999 |
_c42798 _d42798 |
||
| 336 |
_atexto _btxt _2rdacontent |
||
| 337 |
_2rdamedia _asin mediación _bn |
||
| 338 |
_2rdacarrier _avolumen _bnc |
||